00442nam a2200157 a 4500008004100000020001500041050001400056100001800070245005400088260004400142300002200186350000900208500002600217650001900243650002200262060316s1982 ||||||||||||||||| || u a0442284195 aT 385 Kat aKatzan, Harry10aMicrocomputer graphics and programming techniques aNew York :bVan Nostrand Reinholdc1982 aix, 229 p. : ill. a0.00 aIncludes Bibliography aMICROCOMPUTERS 0aCOMPUTER GRAPHICS